00687nam a2200169 a 450000100100000000500170001000800410002704000250006810000410009324501340013426000430026830000510031150000780036265000240044065000260046470000270049000003496120210409114021.0111024s1991 cu a 000 p spa d aDO-SdBNPbspacBNPHU aGarcía Lorca, Federico,d1898-193610aFederico Garcia Lorca en Cuba :b7 de marzo-13 de junio 1930 /cFederico García Lorca ; selección y edición Aitana Alberti. aLa Habana :bArte y Literatura,c1991. a39 p. :bil. ;c19 cm. +e10 tarjetas postales aPresentado en una carpeta que lleva por título: Federico García Lorca24aPoesía española24aLiteratura española1 aAlberti, Aitana,esel.